000 00369nam a22001577a 4500
020 _a81-89301-01-2
082 _a530
_bPRA/F
100 _aPRAKASH P
245 _aFUNDAS OF PHYSICS
_bPHYSICS
246 _aFUNDAS OF PHYSICS
_bPHYSICS
260 _aNEW DELHI
_bDANIKA PUBLISHING COMPANY
_c2007
300 _a1248
520 _aPHYSICS
650 _aPHYSICS
942 _cBK
999 _c1469
_d1469